Nuevas dependencias de la Caja de Ahorros Provincial
Publicado:
San Jorge, núm. 81 (1r trimestre 1971), pàg. 94 :
MARC
| LEADER | 00000nam a2200000Ia 4500 | ||
|---|---|---|---|
| 001 | |||
| 008 | 160829s9999 xx 000 0 cat d | ||
| 245 | |a Nuevas dependencias de la Caja de Ahorros Provincial | ||
| 260 | |a San Jorge, núm. 81 (1r trimestre 1971), pàg. 94 | ||
| 650 | |a Caixa Catalunya | ||
| 650 | |a Bancs |x Sucursals |9 41927 | ||
| 650 | |a Muller i d'Abadal, Josep M. | ||
| 901 | |a Arxiu | ||
| 942 | |n 1 | ||
| 952 | |0 0 |1 0 |4 0 |7 1 |9 52351 |a Arxiu |b Arxiu |d 2016-12-01 |l 0 |r 2016-12-01 00:00:00 |w 2016-12-01 |y ARXIU | ||
| 999 | |c 56199 |d 56199 | ||